Financial analysis with an electronic calculator (Record no. 183587)

MARC details
000 -LEADER
fixed length control field 00608nam a2200217Ia 4500
008 - FIXED-LENGTH DATA ELEMENTS--GENERAL INFORMATION
fixed length control field 191130s2007##################000#0#eng##
020 ## - INTERNATIONAL STANDARD BOOK NUMBER
ISBN 9780073217093
082 ## - DEWEY DECIMAL CLASSIFICATION NUMBER
Classification number 650.01513 WHI
100 ## - MAIN ENTRY--AUTHOR NAME
Personal name White, Mark A
245 ## - TITLE STATEMENT
Title Financial analysis with an electronic calculator
Statement of responsibility, etc Mark A. White
250 ## - EDITION STATEMENT
Edition statement 6th ed
260 ## - PUBLICATION, DISTRIBUTION, ETC. (IMPRINT)
Place of publication New York, NY
Name of publisher McGraw-Hill/Irwin
Year of publication c2007
300 ## - PHYSICAL DESCRIPTION
Number of Pages 167 p. : ill. ; 26 cm
650 ## - SUBJECT ADDED ENTRY--TOPICAL TERM
Topical Term Business mathematics
Topical Term Calculators
991 ## -
-- 357516
Holdings
Withdrawn status Lost status Damaged status Not for loan Home library Current library Shelving location Date acquired Full call number Accession Number Price effective from Koha item type
        Anna Centenary Library Anna Centenary Library 6TH FLOOR, A WING 13.10.2020 650.01513 WHI 404171 13.10.2020 English Books

Find us on the map